Moscow Domodedovo Airport Destinations (Moscow, Russia) - Statistics

General Stats
  • This quiz has been taken 151 times
    25 since last reset
  • The average score is 27 of 77
Answer Stats
Airline Destination % Correct
NordStar/S7 Airlines Saint Petersburg
100%
S7 Airlines/Ural Airlines Dubai (Al Maktoum)
95%
Emirates Dubai (International)
95%
Air Arabia Abu Dhabi
89%
Belavia Minsk
89%
Azerbaijan Airlines/IrAero Baku
84%
Ethiopian Airlines Addis Ababa
79%
Royal Jordanian Amman (Queen Alia)
79%
Gulf Air Bahrain
79%
Egyptair Cairo
79%
Jazeera Airways/Kuwait Airways Kuwait City
79%
Qanot Sharq/Uzbekistan Airlines Tashkent
79%
Avia Traffic Company/TezJet/Ural Airlines Bishkek
74%
Ural Airlines Yekaterinburg
74%
S7 Airlines/Turkmenistan Airlines Ashgabat
68%
S7 Airlines/Ural Airlines Istanbul
68%
S7 Airlines/ Kazan
68%
S7 Airlines Novosibirsk
68%
NordStar/S7 Airlines/Ural Airlines Samara
68%
NordStar/S7 Airlines/Ural Airlines Sochi
68%
El Al/Red Wings Airlines Tel Aviv
68%
FlyOne/Ural Airlines Yerevan
68%
Somon Air/Ural Airlines Dushanbe
63%
Egyptair/Red Wings Airlines Sharm El Sheikh
63%
NordStar/S7 Airlines Ufa
63%
S7 Airlines Volgograd
63%
IrAero/S7 Airlines/Ural Airlines Antalya
53%
Egyptair/Red Wings Airlines Hurghada
53%
Air Arabia Sharjah
53%
IrAero/S7 Airlines/Ural Airlines Irkutsk
47%
NordStar/S7 Airlines/Ural Airlines Krasnodar
47%
Ural Airlines Grozny
42%
S7 Airlines Murmansk
42%
S7 Airlines/Ural Airlines Omsk
42%
Qanot Sharq Bukhara
32%
Qanot Sharq/Ural Airlines/Yamal Airlines Samarqand
32%
NordStar Krasnoyarsk
26%
Avia Traffic Company/Ural Airlines Osh
26%
S7 Airlines Tomsk
26%
Centrum Air/S7 Airlines Urgench
26%
Qanot Sharq/Ural Airlines Fergana
21%
S7 Airlines/Ural Airlines Kaliningrad
21%
S7 Airlines Yakutsk
21%
NordStar/S7 Airlines/Ural Airlines Mineralnye Vody
16%
NordStar/S7 Airlines Norilsk
16%
Air Arabia/Ural Airlines Ras Al Khaimah
16%
S7 Airlines Ulan-Ude
16%
S7 Airlines/Ural Airlines Barnaul
11%
S7 Airlines/Ural Airlines Chita
11%
Izhavia Izhevsk
11%
NordStar/S7 Airlines/Ural Airlines Makhachkala
11%
S7 Airlines/Ural Airlines Blagoveshchensk
5%
Ural Airlines Ganja
5%
S7 Airlines Kemerovo
5%
Somon Air Khujand
5%
S7 Airlines Penza
5%
S7 Airlines Abakan
0%
S7 Airlines Apatity/Kirovsk
0%
S7 Airlines Bratsk
0%
UVT Aero Bugulma
0%
Severstal Avia Cherepovets
0%
Ural Airlines Gelendzhik
0%
S7 Airlines Gorno-Altaysk
0%
Ural Airlines Kulob
0%
NordStar Kurgan
0%
IrAero/S7 Airlines Kyzyl
0%
Yamal Airlines Nadym
0%
Centrum Air/Qanot Sharq/Ural Airlines Namangan
0%
S7 Airlines Neryungri
0%
S7 Airlines Novokuznetsk
0%
S7 Airlines/Yamal Airlines Novy Urengoy
0%
Ural Airlines/Yamal Airlines Noyabrsk
0%
S7 Airlines Öskemen
0%
Severstal Avia Petrozavodsk
0%
Ural Airlines Qarshi
0%
Yamal Airlines Salekhard
0%
S7 Airlines/Ural Airlines Vladikavkaz
0%
No matching quizzes found
Score Distribution
Percent of People with Each Score
Percentile by Number Answered
Your Score History
You have not taken this quiz since the last reset